01360cam a22003495i 450000100090000000300090000900500170001800800410003502000180007602000150009404000430010908200230015210000430017524501270021825000190034526400630036426400100042730000460043733600260048333700280050933800270053750000740056450400520063863000240069065000350071465000360074965300340078565500170081994200120083699900170084895201450086515667862EG-ScBUE20250629101452.0090320t2009 flua f b 001 0 eng d a9781420063097 a142006309X aEG-ScBUEbengerdacEG-ScBUEdEG-ScBUE04a537.01515222bSAD1 aSadiku, Matthew N. O.,eauthor.93424610aNumerical techniques in electromagnetics with MATLABĀ® /cMatthew N. O. Sadiku, Prairie View A&M University, Texas, U.S.A. aThird edition. 1aBoca Raton :bCRC Press / Taylor & Francis Group, c[2009] 4cc2009 axvii, 710 pages :billustrations ;c25 cm 2rdacontentatextbtxt 2rdamediaaunmediatedbn 2rdacarrieravolumebnc aRev. ed. of: Numerical techniques in electromagnetics. 2nd. ed. 2000. aIncludes bibliographical references and index. 07aMATLAB.98262BUEsh 7aElectromagnetism.2BUEsh91928 7aNumerical analysis.2BUEsh9465 bENGGENcJuly2015cJanuary2016 vReading book 2ddccBB c20308d20280 00102ddc40708BaccahaMAINbMAINc1STd2015-07-08ePurchaseg880.00h21782l0o537.01515 SADp000039469r2025-07-15 00:00:00v1100.00yBB